| 000 -LEADER |
| fixed length control field |
00811nam a2200217Ia 4500 |
| 001 - CONTROL NUMBER |
| control field |
972 |
| 003 - CONTROL NUMBER IDENTIFIER |
| control field |
GE_BSU |
| 008 - FIXED-LENGTH DATA ELEMENTS--GENERAL INFORMATION |
| fixed length control field |
181216s||||||||xx |||||||||||||| ||und|| |
| 040 ## - CATALOGING SOURCE |
| Transcribing agency |
GE_BSU |
| 080 ## - UNIVERSAL DECIMAL CLASSIFICATION NUMBER |
| Universal Decimal Classification number |
159.9:616.8 |
| 245 ## - TITLE STATEMENT |
| Title |
Лобные люди и регуляция психических процессов.Неиропсихологические исследования |
| 245 ## - TITLE STATEMENT |
| Statement of responsibility, etc. |
Под ред. А.Р.Лурия и Е.Д. Хомкой |
| 260 ## - PUBLICATION, DISTRIBUTION, ETC. |
| Place of publication, distribution, etc. |
Москва |
| 260 ## - PUBLICATION, DISTRIBUTION, ETC. |
| Name of publisher, distributor, etc. |
Московский ун-т |
| 260 ## - PUBLICATION, DISTRIBUTION, ETC. |
| Date of publication, distribution, etc. |
1966 |
| 300 ## - PHYSICAL DESCRIPTION |
| Extent |
739стр. |
| 653 ## - INDEX TERM--UNCONTROLLED |
| Uncontrolled term |
Лобные люди и регуляция психических процессов.Неиропсихологические исследования |
| 653 ## - INDEX TERM--UNCONTROLLED |
| Uncontrolled term |
ფსიქოლოგია |
| 942 ## - ADDED ENTRY ELEMENTS (KOHA) |
| Koha item type |
წიგნი |